Todo Madrid: 153 fotografías a todo color

Gespeichert in:
Bibliographische Detailangaben
Format: Buch
Sprache:Spanisch
Veröffentlicht: Barcelona Escudo de Oro 1980
Ausgabe:2a. ed
Schlagworte:
Tags: Tag hinzufügen
Keine Tags, Fügen Sie den ersten Tag hinzu!

MARC

LEADER 00000cam a2200000 a 4500
001 UCD6375
003 CL-VaPUC
008 161201e19800500sp |||||||||||||||||spa|d
020 |a 8437800218 
082 0 4 |a 946.052  |b TOD  |2 21 
245 1 0 |a Todo Madrid: 153 fotografías a todo color 
250 |a 2a. ed 
300 |a 92 p 
942 |c BK 
945 |d 20161201 17:35:00  |a arojas 
260 |a Barcelona  |b Escudo de Oro  |c 1980 
650 0 |a Fotografías  |9 268494 
650 7 |a HISTORIA DE MADRID  |2 CL-VaPUC  |9 442594 
650 7 |a SITIOS HISTORICOS  |2 CL-VaPUC  |9 323388 
650 7 |a DESCRIPCIONES  |2 CL-VaPUC  |9 267091 
651 7 |a MADRID  |2 CL-VaPUC  |9 315914 
583 |a last modification  |c 20161201 17:35:00  |k Rodrigo Vera 
999 |c 366728  |d 366726 
952 |0 0  |1 0  |3 erb  |4 0  |6 946_052000000000000_TOD_1980  |7 0  |8 A  |9 481249  |a BIBHIS  |b BIBHIS  |i 535403K  |o 946.052 TOD 1980  |p 535403K  |r 2025-01-20  |w 2019-11-24  |y BK  |z Catalogado en:20161201  |k HIS